000 00429pab a2200169 454500
008 180718b2003 xxu||||| |||| 00| 0 eng d
100 _aReddy, C. Ramamanohar
245 _aEconomic effects of the gulf war
260 _c2003
300 _ap.11,14.
362 _a29 Mar
650 _aUnited States - Foreign relations - Iraq
650 _aWar
650 _aInternational relations
773 _aMainstream
909 _a55933
999 _c55933
_d55933